Mastering pandas for finance : (Record no. 57762)

MARC details
000 -LEADER
fixed length control field 00799nam a22002417a 4500
001 - CONTROL NUMBER
control field 57762
005 - DATE AND TIME OF LATEST TRANSACTION
control field 20260415104701.0
008 - FIXED-LENGTH DATA ELEMENTS--GENERAL INFORMATION
fixed length control field 260415s2015 ii |||||||| |||| 00| 0 eng d
020 ## - INTERNATIONAL STANDARD BOOK NUMBER
ISBN 9781783985104
040 ## - CATALOGING SOURCE
Original cataloging agency BD-DhIUB
Transcribing agency BD-DhIUB
Modifying agency BD-DhIUB
082 ## - DEWEY DECIMAL CLASSIFICATION NUMBER
Edition number 22
Classification number 332.0285
Item number H514m
100 ## - MAIN ENTRY--PERSONAL NAME
Personal name Heydt, Michael
9 (RLIN) 7133
245 ## - TITLE STATEMENT
Title Mastering pandas for finance :
Remainder of title master pandas, an open source python data analysis libraryfor financial data analysis/
Statement of responsibility, etc Michael Heydt.
260 ## - PUBLICATION, DISTRIBUTION, ETC. (IMPRINT)
Place of publication, distribution, etc Mumbai:
Name of publisher, distributor, etc Packt Publishing Ltd.
Date of publication, distribution, etc 2015
300 ## - PHYSICAL DESCRIPTION
Extent ix, 275p;.
Dimensions 24cm
490 ## - SERIES STATEMENT
Series statement Community experience distilled
526 ## - STUDY PROGRAM INFORMATION NOTE
School name School of Business and Entrepreneurship
Department Finance
Shelving Location Reference Stacks
541 ## - IMMEDIATE SOURCE OF ACQUISITION NOTE
Source of acquisition Karim International
650 #0 - SUBJECT ADDED ENTRY--TOPICAL TERM
Topical term or geographic name as entry element Financial economics
9 (RLIN) 7134
650 #0 - SUBJECT ADDED ENTRY--TOPICAL TERM
Topical term or geographic name as entry element Python Programming
9 (RLIN) 7135
650 #0 - SUBJECT ADDED ENTRY--TOPICAL TERM
Topical term or geographic name as entry element Financial Data analysis
9 (RLIN) 7136
942 ## - ADDED ENTRY ELEMENTS (KOHA)
Source of classification or shelving scheme Dewey Decimal Classification
Koha item type Books
Holdings
Withdrawn status Lost status Source of classification or shelving scheme Damaged status Not for loan Home library Current library Shelving location Date acquired Source of acquisition Cost, normal purchase price Serial Enumeration / chronology Total Checkouts Full call number Barcode Date last seen Copy number Cost, replacement price Price effective from Koha item type
    Dewey Decimal Classification   Not For Loan Library, Independent University, Bangladesh (IUB) Library, Independent University, Bangladesh (IUB) Reference Stacks 05/04/2026 Purchase 5490.00 2015   332.0285 H514m 029631 15/04/2026 01 10980.00 05/04/2026 Books
    Dewey Decimal Classification     Library, Independent University, Bangladesh (IUB) Library, Independent University, Bangladesh (IUB) General Stacks 05/04/2026 Purchase 5490.00 2015   332.0285 H514m 029632 15/04/2026 02 10980.00 05/04/2026 Books
    Dewey Decimal Classification     Library, Independent University, Bangladesh (IUB) Library, Independent University, Bangladesh (IUB) General Stacks 05/04/2026 Purchase 5490.00 2015   332.0285 H514m 029633 15/04/2026 03 10980.00 05/04/2026 Books